Organizational behavior and management / (Record no. 347708)

000 -LEADER
fixed length control field 00782 a2200217 4500
020 ## - INTERNATIONAL STANDARD BOOK NUMBER
International Standard Book Number 0071163808 (paperback)
020 ## - INTERNATIONAL STANDARD BOOK NUMBER
International Standard Book Number 9780071163804 (paperback)
090 ## - LOCALLY ASSIGNED LC-TYPE CALL NUMBER (OCLC); LOCAL CALL NUMBER (RLIN)
-- 5295
-- 5295
100 1# - MAIN ENTRY--PERSONAL NAME
Personal name Ivancevich, John M.
245 10 - TITLE STATEMENT
Title Organizational behavior and management /
Statement of responsibility, etc. John M. Ivancevich, Michael T. Matteson, John Ivanevich.
250 ## - EDITION STATEMENT
Edition statement Internat.2r.e. ed.
260 ## - PUBLICATION, DISTRIBUTION, ETC.
Place of publication, distribution, etc. [S.l.] :
Name of publisher, distributor, etc. McGraw-Hill Education (ISE Editions),
Date of publication, distribution, etc. 1999.
300 ## - PHYSICAL DESCRIPTION
Extent 704 p. ;
Dimensions 26 cm.
490 1# - SERIES STATEMENT
Series statement Mcgraw-hill international editions.
500 ## - GENERAL NOTE
General note Import.
700 1# - ADDED ENTRY--PERSONAL NAME
Personal name Matteson, Michael T.
700 1# - ADDED ENTRY--PERSONAL NAME
Personal name Ivanevich, John.
830 #0 - SERIES ADDED ENTRY--UNIFORM TITLE
Uniform title Mcgraw-hill international editions.
856 40 - ELECTRONIC LOCATION AND ACCESS
Materials specified Amazon.com
Uniform Resource Identifier <a href="http://www.amazon.com/exec/obidos/ASIN/0071163808/chopaconline-20">http://www.amazon.com/exec/obidos/ASIN/0071163808/chopaconline-20</a>
942 ## - ADDED ENTRY ELEMENTS (KOHA)
Institution code [OBSOLETE] NBS
Koha item type Book
Call number prefix 658.4 IVA
Holdings
Withdrawn status Lost status Damaged status Not for loan Permanent Location Current Location Date acquired Total Checkouts Full call number Barcode Date last seen Date last checked out Price effective from Koha item type
        Central Library (CL) Central Library (CL) 08/28/2013 1 658.4 IVA NBS3295 06/08/2015 05/13/2015 08/28/2013 Book
© 2023 Central Library, National University of Sciences and Technology. All Rights Reserved.